000 01585nam2a22003131 4500
001 v19\rc\1949029
005 20251118180911.9
035 _a(NLR Aleph) 005034173
090 _a6723228
_c6723228
100 _a20080428d1913 u y0rusy50 ca
101 0 _arus
102 _aRU
105 _ay z |||||
200 1 _a1. Царь Давид
_e[В первой половине X в. до хр. эры]
_a2. Царь Соломон
210 _d1913
215 _a15 с.
461 0 _1001v19\rc\1949026
_12001#$aКраткие очерки по истории евреев$eПособие для юношества при изуч. евр. истории в шк. и дома. Сер. 1. Вып. 1-$fМ.И. Каплан$vВып. 3
_1700#1$aКаплан$bМ.И.
_96723202
_aКаплан, М.И.
_cПереяслав
_d1913
_fМ.И. Каплан
_nтип. Шефтеля и Геронимуса
_oПособие для юношества при изуч. евр. истории в шк. и дома. Сер. 1. Вып. 1-
_tКраткие очерки по истории евреев
_vВып. 3
517 0 _aЦарь Давид
517 0 _aЦарь Соломон
702 0 _aДавид
_cцарь Израильско-Иудейский
_f11-10 в. до н. э.
_4570
702 0 _aСоломон
_cцарь Израильско-Иудейский
_f10 в. до н. э.
_4570
801 0 _aRU
_bNLR
_gpsbo
801 0 _aRU
_bRuMoRGB
_2psbo
801 1 _aRU
_bProSoft-M
_2rusmarc
852 _aNLR
_j37.53.7.106
899 _aRuMoRGB
_jP 45/60
899 _aБАН
942 _cBOOK
980 _aNB